Bài tập kỹ thuật điện: Tóm tắt lý thuyết, 96 bài tập đã giải, 152 bài tập và câu hỏi trắc nghiệm có đáp án Dùng cho sinh viên các trường Đại học khối kỹ thuật
Trình bày tóm tắt lí thuyết cơ bản và bài tập về mạch điện, dòng điện xoay chiều hình sin, các phương pháp giải mạch điện, mạch điện ba pha, máy điện, máy biến áp, động cơ điện không đồng bộ, máy điện một chiều...
Enregistré dans:
| Auteur principal: | |
|---|---|
| Autres auteurs: | |
| Format: | Livre |
| Langue: | Undetermined |
| Publié: |
H.
Giáo dục Việt Nam
2010
|
| Sujets: | |
| Accès en ligne: | http://lrc.tdmu.edu.vn/opac/search/detail.asp?aID=2&ID=7707 |
| Tags: |
Ajouter un tag
Pas de tags, Soyez le premier à ajouter un tag!
|
| Thư viện lưu trữ: | Trung tâm Học liệu Trường Đại học Thủ Dầu Một |
|---|
| LEADER | 01282nam a2200229Ia 4500 | ||
|---|---|---|---|
| 001 | TDMU_7707 | ||
| 008 | 210410s9999 xx 000 0 und d | ||
| 082 | |a 621.3076 | ||
| 090 | |b Đ116 | ||
| 100 | |a Đặng, Văn Đào | ||
| 245 | 0 | |a Bài tập kỹ thuật điện: Tóm tắt lý thuyết, 96 bài tập đã giải, 152 bài tập và câu hỏi trắc nghiệm có đáp án | |
| 245 | 0 | |b Dùng cho sinh viên các trường Đại học khối kỹ thuật | |
| 245 | 0 | |c Đặng Văn Đào, Lê Văn Doanh | |
| 260 | |a H. | ||
| 260 | |b Giáo dục Việt Nam | ||
| 260 | |c 2010 | ||
| 300 | |a 192tr | ||
| 520 | |a Trình bày tóm tắt lí thuyết cơ bản và bài tập về mạch điện, dòng điện xoay chiều hình sin, các phương pháp giải mạch điện, mạch điện ba pha, máy điện, máy biến áp, động cơ điện không đồng bộ, máy điện một chiều | ||
| 650 | |a Kỹ thuật điện; Máy điện; Mạch điện; Bài tập | ||
| 700 | |a Lê, Văn Doanh | ||
| 856 | |u http://lrc.tdmu.edu.vn/opac/search/detail.asp?aID=2&ID=7707 | ||
| 980 | |a Trung tâm Học liệu Trường Đại học Thủ Dầu Một | ||